000 01139cas a22002535a 4500
001 L140977
008 071024c2006 xx br ws ss 000 a0eng d
022 0 _a1060-8206
035 _a(Sirsi) u140977
041 0 _aeng
110 2 _aFaithful and Gould
_95416
245 0 0 _aInternational construction intelligence bulletin
_h[electronic publication]
260 3 _aAtlanta
_bFaithful and Gould
_aKingston
_bReed Construction Data
_c1990-
362 0 _aMarch/April 2006-
490 0 _aFaithful and Gould International Construction Intelligence Bulletin
_vMarch/April 2006-
520 _aProvides international construction cost information and commentary on aspects of the international construction market. Includes an annual international construction cost index.
554 _aSix issues per year.
650 2 4 _aFAITHFUL AND GOULD INTERNATIONAL CONSTRUCTION INTELLIGENCE BULLETIN
650 2 4 _aFAITHFUL AND GOULD INTERNATIONAL CONSTRUCTION COST INDEX
651 4 _aInternational
690 _aBUILT ENVIRONMENT-BUILDING COSTS
856 4 0 _uhttps://www.fgould.com
_zView the item free of charge at www.fgould.com...
942 _n0
999 _c119153
_d119153